000 00872nam a2200265Ia 4500
003 OSt
005 20220918170220.0
006 a|||||r|||| 00| 0
007 ta
008 220917b |||||||| |||| 00| 0 eng d
020 _a978 81 89013 37 0 (hbk)
_c695
024 _a271,469
037 _b425, 08/07/2013, Research India Press
_cTextual
040 _aARTS
_cARTS
_beng
041 _2eng
_aeng
082 _aY:4515.49G, Q2
100 _aChatterji Angana P. Ed.
_927717
245 0 _aContesting nation
_b Gendered violence in South Asia
260 _aNew Delhi
_bZubaan India
_c2012
300 _aix, 423p.
_ccm.
650 _aSOCIOLOGY
700 _a Chaudhry Lubna Nazir Au.
_927718
942 _hY:4515.49G, Q2
_cTEXL
_2CC
999 _c133136
_d133136